<?xml version="1.0" encoding="UTF-8"?>
<record
    xmlns:xsi="http://www.w3.org/2001/XMLSchema-instance"
    xsi:schemaLocation="http://www.loc.gov/MARC21/slim http://www.loc.gov/standards/marcxml/schema/MARC21slim.xsd"
    xmlns="http://www.loc.gov/MARC21/slim">

  <leader>02552cam a2200457 a 4500</leader>
  <controlfield tag="001">0004821713</controlfield>
  <controlfield tag="003">OSt</controlfield>
  <controlfield tag="005">20260609201611.0</controlfield>
  <controlfield tag="007">ta</controlfield>
  <controlfield tag="008">141010s2014    fr            000 f fre  </controlfield>
  <datafield tag="020" ind1=" " ind2=" ">
    <subfield code="a">9782714457202 :</subfield>
    <subfield code="c">29,95 $</subfield>
  </datafield>
  <datafield tag="024" ind1="3" ind2=" ">
    <subfield code="a">9782714457202</subfield>
  </datafield>
  <datafield tag="040" ind1=" " ind2=" ">
    <subfield code="a">SDM</subfield>
    <subfield code="b">fre</subfield>
    <subfield code="d">SQTD</subfield>
    <subfield code="d">QMBND</subfield>
  </datafield>
  <datafield tag="041" ind1="1" ind2=" ">
    <subfield code="a">fre</subfield>
    <subfield code="h">eng</subfield>
  </datafield>
  <datafield tag="082" ind1="0" ind2="5">
    <subfield code="a">823.92</subfield>
    <subfield code="b">S 6626fer</subfield>
    <subfield code="2">23</subfield>
  </datafield>
  <datafield tag="091" ind1="0" ind2=" ">
    <subfield code="a">Smith</subfield>
  </datafield>
  <datafield tag="100" ind1="1" ind2=" ">
    <subfield code="a">Smith, Tom Rob</subfield>
  </datafield>
  <datafield tag="240" ind1="1" ind2="0">
    <subfield code="a">Farm.</subfield>
    <subfield code="l">Fran&#xEF;&#xBF;&#xBD;ais</subfield>
  </datafield>
  <datafield tag="245" ind1="1" ind2="3">
    <subfield code="a">La ferme /</subfield>
    <subfield code="c">Tom Rob Smith ; traduit de l'anglais par Elisabeth Peellaert.</subfield>
  </datafield>
  <datafield tag="260" ind1=" " ind2=" ">
    <subfield code="a">Paris :</subfield>
    <subfield code="b">Belfond,</subfield>
    <subfield code="c">2014.</subfield>
  </datafield>
  <datafield tag="300" ind1=" " ind2=" ">
    <subfield code="a">330 p. ;</subfield>
    <subfield code="c">24 cm.</subfield>
  </datafield>
  <datafield tag="490" ind1="1" ind2=" ">
    <subfield code="a">Litt&#xEF;&#xBF;&#xBD;rature &#xEF;&#xBF;&#xBD;trang&#xEF;&#xBF;&#xBD;re</subfield>
  </datafield>
  <datafield tag="500" ind1=" " ind2=" ">
    <subfield code="a">Traduction de: The farm.</subfield>
  </datafield>
  <datafield tag="500" ind1=" " ind2=" ">
    <subfield code="a">&#xEF;&#xBF;&#xBD;dition de langue anglaise &#xEF;&#xBF;&#xBD;2014.</subfield>
  </datafield>
  <datafield tag="520" ind1=" " ind2=" ">
    <subfield code="a">Ta m&#xE8;re... elle ne va pas bien. Elle s'imagine des choses - des choses terribles, terribles. Elle est &#xE0; l'h&#xF4;pital. Elle a &#xE9;t&#xE9; intern&#xE9;e. . Un appel de son p&#xE8;re. Quelques mots. Et Daniel qui imaginait ses parents profiter de leur retraite dans une charmante ferme su&#xE9;doise voit son monde basculer. Et puis un autre appel. Sa m&#xE8;re.. Je suis s&#xFB;re que ton p&#xE8;re t'a parl&#xE9;. Cet homme ne t'a dit que des mensonges. Je ne suis pas folle. Je n'ai pas besoin de m&#xE9;decin. J'ai besoin de la police. . Deux histoires. Deux v&#xE9;rit&#xE9;s. Qui croire ? Jusqu'o&#xF9; Daniel sera-t-il pr&#xEA;t &#xE0; aller pour lever le voile ? Au risque de d&#xE9;couvrir des secrets plus terribles encore.... Apr&#xE8;s la trilogie Enfant 44, Tom Rob Smith nous livre un chef-d'oeuvre de suspense psychologique. Un roman parano&#xEF;aque et hautement compulsif, inspir&#xE9; d'un &#xE9;pisode traumatisant v&#xE9;cu par l'auteur et sa famille..
</subfield>
  </datafield>
  <datafield tag="650" ind1=" " ind2="6">
    <subfield code="a">Parents et enfants adultes</subfield>
    <subfield code="v">Romans, nouvelles, etc.</subfield>
  </datafield>
  <datafield tag="650" ind1=" " ind2="6">
    <subfield code="a">Secrets de famille</subfield>
    <subfield code="v">Romans, nouvelles, etc.</subfield>
  </datafield>
  <datafield tag="650" ind1=" " ind2="6">
    <subfield code="a">Conspiration</subfield>
    <subfield code="v">Romans, nouvelles, etc.</subfield>
  </datafield>
  <datafield tag="650" ind1=" " ind2="6">
    <subfield code="a">Psychoses</subfield>
    <subfield code="v">Romans, nouvelles, etc.</subfield>
  </datafield>
  <datafield tag="650" ind1=" " ind2="6">
    <subfield code="a">Parano&#xEF;&#xBF;&#xBD;a</subfield>
    <subfield code="v">Romans, nouvelles, etc.</subfield>
  </datafield>
  <datafield tag="650" ind1=" " ind2="6">
    <subfield code="a">Couples mari&#xEF;&#xBF;&#xBD;s</subfield>
    <subfield code="v">Romans, nouvelles, etc.</subfield>
  </datafield>
  <datafield tag="651" ind1=" " ind2="6">
    <subfield code="a">Su&#xEF;&#xBF;&#xBD;de</subfield>
    <subfield code="v">Romans, nouvelles, etc.</subfield>
  </datafield>
  <datafield tag="651" ind1=" " ind2="6">
    <subfield code="a">Londres (Angleterre)</subfield>
    <subfield code="v">Romans, nouvelles, etc.</subfield>
  </datafield>
  <datafield tag="655" ind1=" " ind2="7">
    <subfield code="a">Romans britanniques</subfield>
    <subfield code="y">21e si&#xEF;&#xBF;&#xBD;cle</subfield>
    <subfield code="2">local</subfield>
  </datafield>
  <datafield tag="655" ind1=" " ind2="7">
    <subfield code="a">Romans &#xEF;&#xBF;&#xBD; suspense</subfield>
    <subfield code="2">rvmgf</subfield>
  </datafield>
  <datafield tag="655" ind1=" " ind2="7">
    <subfield code="a">Romans psychologiques</subfield>
    <subfield code="2">rvmgf</subfield>
  </datafield>
  <datafield tag="700" ind1="1" ind2=" ">
    <subfield code="a">Peellaert, Elisabeth</subfield>
  </datafield>
  <datafield tag="830" ind1=" " ind2="0">
    <subfield code="a">Litt&#xEF;&#xBF;&#xBD;ratures &#xEF;&#xBF;&#xBD;trang&#xEF;&#xBF;&#xBD;res (Belfond (Firme))</subfield>
  </datafield>
  <datafield tag="942" ind1=" " ind2=" ">
    <subfield code="2">ddc</subfield>
    <subfield code="c">ROM ADULTE</subfield>
  </datafield>
  <datafield tag="999" ind1=" " ind2=" ">
    <subfield code="c">18886</subfield>
    <subfield code="d">18886</subfield>
  </datafield>
  <datafield tag="952" ind1=" " ind2=" ">
    <subfield code="0">0</subfield>
    <subfield code="1">0</subfield>
    <subfield code="2">ddc</subfield>
    <subfield code="4">0</subfield>
    <subfield code="7">0</subfield>
    <subfield code="a">HENRYVILLE</subfield>
    <subfield code="b">HENRYVILLE</subfield>
    <subfield code="d">2026-06-09</subfield>
    <subfield code="l">0</subfield>
    <subfield code="o">S 6626fer</subfield>
    <subfield code="p">30001030039061</subfield>
    <subfield code="r">2026-06-09 20:16:33</subfield>
    <subfield code="w">2026-06-09</subfield>
    <subfield code="y">ROM ADULTE</subfield>
  </datafield>
</record>
